[Event "Hamburg-ch Seniors op 15th"]
[Site "Hamburg"]
[Date "2008.11.03"]
[Round "8"]
[White "Klinkow, Alexander"]
[Black "Peters, Reiner"]
[Result "1-0"]
[WhiteElo "1637"]
[BlackElo "1465"]
[PlyCount "99"]
[EventDate "2008.10.27"]
[EventType "swiss"]
[EventRounds "9"]
[EventCountry "GER"]
[SourceTitle "EXT 2022"]
[Source "ChessBase"]
[SourceDate "2021.10.06"]
[SourceVersion "1"]
[SourceVersionDate "2021.10.06"]
[SourceQuality "1"]

1. d4 g6 2. c4 Bg7 3. Nc3 c5 4. Nf3 cxd4 5. Nxd4 Nc6 6. e3 d6 7. Be2 a6 8. 0-0 Nf6 9. f3 0-0 10. Rb1 Qc7 11. Nd5 Nxd5 12. cxd5 Bxd4 13. dxc6 Bg7 14. cxb7 Bxb7 15. b3 Qb6 16. Kh1 Rfc8 17. e4 e6 18. Bf4 d5 19. exd5 Bxd5 20. Rc1 Bb7 21. Bc4 Rd8 22. Qe2 a5 23. Be3 Bd4 24. Bxd4 Rxd4 25. Rcd1 Rad8 26. Rxd4 Rxd4 27. Qe5 Bd5 28. Bxd5 Rxd5 29. Qb2 Qd8 30. h3 e5 31. Re1 Rd1 32. Qxe5 Qd2 33. Rxd1 Qxd1+ 34. Kh2 Qd2 35. a4 Qb4 36. Qe3 h5 37. g3 Qb8 38. h4 Qd6 39. Kh3 Kg7 40. Qc3+ Qf6 41. Qxf6+ Kxf6 42. g4 hxg4+ 43. Kxg4 Kg7 44. f4 f6 45. f5 Kf7 46. fxg6+ Kxg6 47. h5+ Kh6 48. Kf5 Kxh5 49. Kxf6 Kg4 50. Ke5 1-0

[Event "Hamburg-ch Seniors op 15th"]
[Site "Hamburg"]
[Date "2008.10.29"]
[Round "3"]
[White "Peters, Reiner"]
[Black "Zimmermann, Manfred"]
[Result "1/2-1/2"]
[WhiteElo "1465"]
[BlackElo "1577"]
[PlyCount "83"]
[EventDate "2008.10.27"]
[EventType "swiss"]
[EventRounds "9"]
[EventCountry "GER"]
[SourceTitle "EXT 2022"]
[Source "ChessBase"]
[SourceDate "2021.10.06"]
[SourceVersion "1"]
[SourceVersionDate "2021.10.06"]
[SourceQuality "1"]

1. d4 Nf6 2. Nf3 g6 3. Bf4 d6 4. h3 Bg7 5. e3 c5 6. c3 Nbd7 7. Nbd2 cxd4 8. exd4 a6 9. Be2 0-0 10. 0-0 Nh5 11. Bh2 f5 12. Ng5 Ndf6 13. Re1 h6 14. Qb3+ d5 15. Ngf3 Kh7 16. Ne5 b5 17. Qc2 Ne4 18. Bxh5 gxh5 19. Nxe4 fxe4 20. Re3 Bf5 21. Qe2 Qe8 22. Bg3 Bf6 23. Qf1 Rg8 24. Kh1 Rg7 25. Bh2 h4 26. f3 h5 27. Qf2 exf3 28. Qxf3 e6 29. Re2 Rc8 30. Rae1 Be4 31. Qe3 Qg8 32. Rg1 Rf8 33. Rf2 Bg5 34. Qe2 Rxf2 35. Qxf2 Bh6 36. Nf3 Bxf3 37. Qxf3 Qf7 38. Qxf7 Rxf7 39. Be5 Kg6 40. Rb1 Bf4 41. Bxf4 Rxf4 42. Kg1 1/2-1/2